Biblioteca

People helping people / Harold Ewing Burchett (Registro nro. 35540)

Detalles MARC
000 -LÍDER
Campo fijo de descripción fija 003740000a22001570004500
020 ## - NÚMERO INTERNACIONAL NORMALIZADO PARA LIBROS
Número Internacional Normalizado del libro 0-8024-6457-2
041 0# - CÓDIGO DE IDIOMA
Código de idioma para texto/pista de sonido o título separado
082 04 - NÚMERO DE CLASIFICACIÓN DECIMAL DEWEY
Número de clasificación G 248 B9477p
001 - NÚMERO DE CONTROL
Campo de control 5070
100 1# - ASIENTO PRINCIPAL--NOMBRE PERSONAL
Nombre personal Burchett, Harold Ewing
245 10 - TÍTULO
Título del Material People helping people / Harold Ewing Burchett
260 ## - PUBLICACIÓN, DISTRIBUCIÓN, ETC. (PIE DE IMPRENTA)
Lugar de publicación, distribución, etc. Chicago, USA : Moody
300 ## - DESCRIPCIÓN FÍSICA
Extensión 127 Pag
650 14 - ASIENTO SECUNDARIO DE MATERIA - TERMINO TEMÁTICO
Término temático o nombre geográfico como elemento de entrada VIDA CRISTIANA \ CONSUELO
942 ## - TIPO DE MATERIAL (KOHA)
Tipo de Item KOHA Libros General

No hay ítems disponibles.

Biblioteca FUSBC | Teléfono: (57+4) 349 88 10 Ext. 141| WhatsApp (+57) 3005338115 
E-mail: biblioteca@unisbc.edu.co | Calle 76 87-14 Robledo Palenque, Medellín, Colombia

Con tecnología Koha